The Preparation of Commercial Agrements : (Record no. 582)

MARC details
000 -LEADER
fixed length control field 00581nam a22001577a 4500
008 - FIXED-LENGTH DATA ELEMENTS--GENERAL INFORMATION
fixed length control field 110426t xxu||||| |||| 00| 0 eng d
082 ## - DEWEY DECIMAL CLASSIFICATION NUMBER
Classification number 346.07 MAN
100 ## - MAIN ENTRY--PERSONAL NAME
Personal name Mandel, Ludwig.
9 (RLIN) 1683
245 ## - TITLE STATEMENT
Title The Preparation of Commercial Agrements :
Statement of responsibility, etc Ludwig Mandel /
250 ## - EDITION STATEMENT
Edition statement 1970 ed.
260 ## - PUBLICATION, DISTRIBUTION, ETC. (IMPRINT)
Place of publication, distribution, etc new York:
Name of publisher, distributor, etc Practicing Law Institute
Date of publication, distribution, etc 1970.
300 ## - PHYSICAL DESCRIPTION
Extent xii,281p.;
Dimensions 22 cm.
440 ## - SERIES STATEMENT/ADDED ENTRY--TITLE
Title Commercial Law and Practice.
9 (RLIN) 1684
942 ## - ADDED ENTRY ELEMENTS (KOHA)
Source of classification or shelving scheme Dewey Decimal Classification
Item type Books
Holdings
Withdrawn status Lost status Source of classification or shelving scheme Damaged status Not for loan Home library Current library Shelving location Date acquired Total Checkouts Full call number Barcode Date last seen Price effective from Koha item type
    Dewey Decimal Classification     Law Development Centre Main Library Law Development Centre Main Library Text Books and Laws 04/26/2011   346.07 MAN 2011/24200 04/26/2011 04/26/2011 Books